000 00326nam a22001457a 4500
008 210607b ||||| |||| 00| 0 eng d
020 _a9780176331054
041 _aeng
080 _a316
082 _a316
100 _a50
101 _aSOC
245 _aSocial and Personality Development
_cKarl Hennig
942 _2udc
_cBK
999 _c58049
_d58049